[Event "Ste Foy Fischer"]
[Site "Ste Foy CAN"]
[Date "2017.11.04"]
[Round "4"]
[White "Drolet, Stephane"]
[Black "Lemire-Paquin, Alexandre"]
[Result "0-1"]
[WhiteElo "2100"]
[BlackElo "2071"]
[WhiteFideId "-1"]
[WhiteFideId "-1"]
[PlyCount "126"]
[GameId "2160767908317480"]
[EventDate "2017.10.14"]
[EventType "swiss"]
[EventRounds "5"]
[EventCountry "CAN"]
[SourceTitle "EXT 2022"]
[Source "ChessBase"]
[SourceDate "2021.10.06"]
[SourceVersion "1"]
[SourceVersionDate "2021.10.06"]
[SourceQuality "1"]

1. d4 c5 2. d5 e5 3. e4 d6 4. c4 g6 5. Nc3 Bg7 6. Bd3 Ne7 7. g4 O-O 8. Bg5 f6 9. Be3 f5 10. f3 Na6 11. a3 Kh8 12. Nh3 fxg4 13. fxg4 Ng8 14. Ng5 h6 15. h4 Nf6 16. Ne6 Bxe6 17. dxe6 Nc7 18. g5 Ng8 19. h5 Nxe6 20. gxh6 Bxh6 21. hxg6 Nf4 22. Bxf4 Rxf4 23. Nd5 Rh4 24. Rg1 Rh3 25. g7+ Kh7 26. Qg4 Qh4+ 27. Qxh4 Rxh4 28. Kf2 Bxg7 29. Kg3 Rh6 30. Be2 Rg6+ 31. Kf2 Rf8+ 32. Ke3 Bh6+ 33. Kd3 Rf2 34. Raf1 Rxg1 35. Rxf2 Kg7 36. Bh5 Bf4 37. Nxf4 exf4 38. Rxf4 Nf6 39. Bf3 Nd7 40. Be2 Ne5+ 41. Kd2 a5 42. Kc2 Rg2 43. Kd1 Nc6 44. Rg4+ Rxg4 45. Bxg4 Kf6 46. Bc8 b6 47. Bb7 Ne5 48. Bd5 Kg5 49. Kc2 Kf4 50. Kb3 Nd3 51. Ka4 Nxb2+ 52. Kb5 a4 53. Kxb6 Ke5 54. Kc7 Nd1 55. Kb6 Nc3 56. Ka5 Kd4 57. Bf7 Kxe4 58. Be8 Kd4 59. Bf7 Kd3 60. Be6 Kc2 61. Kb6 Kb3 62. Kc6 Kxa3 63. Kxd6 Kb4 0-1

[Event "Ste Foy Fischer"]
[Site "Ste Foy CAN"]
[Date "2017.11.04"]
[Round "4"]
[White "L'Heureux, Clement"]
[Black "Brisson, Christian"]
[Result "1/2-1/2"]
[WhiteElo "1940"]
[BlackElo "1456"]
[WhiteFideId "-1"]
[WhiteFideId "-1"]
[PlyCount "140"]
[GameId "2160767908317481"]
[EventDate "2017.10.14"]
[EventType "swiss"]
[EventRounds "5"]
[EventCountry "CAN"]
[SourceTitle "EXT 2022"]
[Source "ChessBase"]
[SourceDate "2021.10.06"]
[SourceVersion "1"]
[SourceVersionDate "2021.10.06"]
[SourceQuality "1"]

1. e4 c6 2. Nc3 d5 3. Nf3 dxe4 4. Nxe4 Nd7 5. d4 Ngf6 6. Bd3 Nxe4 7. Bxe4 Nf6 8. Bd3 g6 9. O-O Bg7 10. Re1 O-O 11. c3 Qc7 12. h3 Re8 13. Ne5 Be6 14. Qe2 Rad8 15. Bf4 Qc8 16. Bc2 a6 17. Bb3 Bxb3 18. axb3 c5 19. Qc4 Rd5 20. Ng4 Rf5 21. Be5 Nxg4 22. hxg4 Rg5 23. Bxg7 Qxg4 24. g3 Kxg7 25. d5 Qc8 26. Qe4 h5 27. Rad1 Rg4 28. Qe5+ f6 29. Qe3 h4 30. d6 Qd7 31. Qxe7+ Qxe7 32. dxe7 hxg3 33. f3 Rf4 34. Kg2 Rf5 35. Rd7 Re5 36. Rxe5 fxe5 37. Rxb7 Kf7 38. Rc7 Rxe7 39. Rxc5 e4 40. fxe4 Rxe4 41. Rc7+ Kf6 42. Rc6+ Kf5 43. Rc5+ Kf6 44. Rc6+ Kf5 45. Rxa6 Re2+ 46. Kxg3 Rxb2 47. b4 Rb1 48. Rc6 Rg1+ 49. Kf2 Rb1 50. Rc5+ Kf4 51. b5 g5 52. Rc4+ Kf5 53. Rb4 Rh1 54. b6 Rh8 55. Rb5+ Kf6 56. c4 Rc8 57. b7 Rb8 58. Kg3 Ke6 59. Kg4 Kd6 60. Kxg5 Kc6 61. Kf5 Rxb7 62. Rxb7 Kxb7 63. Ke5 Kc6 64. Kd4 Kd6 65. c5+ Kc7 66. Kd5 Kd7 67. c6+ Kc8 68. Kc5 Kc7 69. Kb5 Kc8 70. Kb6 Kb8 1/2-1/2

[Event "Ste Foy Fischer"]
[Site "Ste Foy CAN"]
[Date "2017.11.04"]
[Round "4"]
[White "Sarra-Bournet, Marc"]
[Black "Laflamme, Simon"]
[Result "1/2-1/2"]
[WhiteElo "1771"]
[BlackElo "1908"]
[WhiteFideId "-1"]
[WhiteFideId "-1"]
[PlyCount "99"]
[GameId "2160767908317482"]
[EventDate "2017.10.14"]
[EventType "swiss"]
[EventRounds "5"]
[EventCountry "CAN"]
[SourceTitle "EXT 2022"]
[Source "ChessBase"]
[SourceDate "2021.10.06"]
[SourceVersion "1"]
[SourceVersionDate "2021.10.06"]
[SourceQuality "1"]

1. e4 Nf6 2. e5 Nd5 3. d4 d6 4. c4 Nb6 5. f4 dxe5 6. fxe5 Nc6 7. Nf3 Bg4 8. Be3 e6 9. Nc3 Bb4 10. Rc1 Bxf3 11. gxf3 Qh4+ 12. Bf2 Qf4 13. a3 Bxc3+ 14. bxc3 O-O-O 15. Be2 f6 16. exf6 gxf6 17. Rb1 Na5 18. c5 Nd5 19. Qd3 e5 20. O-O Rhg8+ 21. Kh1 Rg6 22. Bg3 Rxg3 23. hxg3 Qxg3 24. Qf5+ Kb8 25. Qg4 Qxg4 26. fxg4 Nxc3 27. Rb2 Ne4 28. Kg2 Rxd4 29. g5 Nxg5 30. Rxf6 c6 31. Rf5 Ne6 32. Rxe5 Nf4+ 33. Kg3 Nxe2+ 34. Rbxe2 Nc4 35. Re8+ Kc7 36. R2e7+ Rd7 37. Rxd7+ Kxd7 38. Rh8 Nxa3 39. Rxh7+ Ke6 40. Rxb7 Nb5 41. Rh7 Kd5 42. Rh5+ Kc4 43. Kf3 Nd4+ 44. Ke3 Nb3 45. Rh4+ Kxc5 46. Kd3 Na5 47. Kc3 Kb5 48. Rb4+ Kc5 49. Ra4 Kb5 50. Rb4+ 1/2-1/2

[Event "Ste Foy Fischer"]
[Site "Ste Foy CAN"]
[Date "2017.11.04"]
[Round "4"]
[White "Sauve, Richard"]
[Black "Bernatchez, Dan"]
[Result "1/2-1/2"]
[WhiteElo "1919"]
[BlackElo "1967"]
[WhiteFideId "-1"]
[WhiteFideId "-1"]
[PlyCount "82"]
[GameId "2160767908317483"]
[EventDate "2017.10.14"]
[EventType "swiss"]
[EventRounds "5"]
[EventCountry "CAN"]
[SourceTitle "EXT 2022"]
[Source "ChessBase"]
[SourceDate "2021.10.06"]
[SourceVersion "1"]
[SourceVersionDate "2021.10.06"]
[SourceQuality "1"]

1. d4 Nf6 2. c4 e6 3. Nc3 Bb4 4. Qc2 c5 5. dxc5 Na6 6. a3 Qa5 7. Bd2 Nxc5 8. Nf3 d6 9. e3 Bxc3 10. Bxc3 Qa4 11. Qxa4+ Nxa4 12. Bxf6 gxf6 13. O-O-O Ke7 14. Bd3 Bd7 15. Nd4 Rhc8 16. Kb1 Nc5 17. Bc2 a5 18. Rd2 a4 19. Rhd1 Ra6 20. h3 h6 21. f3 Rb8 22. e4 e5 23. Nf5+ Bxf5 24. exf5 Rc6 25. Ka2 b5 26. cxb5 Rxb5 27. Be4 Nxe4 28. fxe4 Rb3 29. Rd3 Rxd3 30. Rxd3 Rc2 31. Rc3 Rxg2 32. Rc7+ Ke8 33. Ra7 d5 34. exd5 Rf2 35. Rxa4 Rxf5 36. Kb1 Kd7 37. Ra6 e4 38. Kc2 Rf3 39. b4 Rxh3 40. Rxf6 Rxa3 41. Rxf7+ Kd6 1/2-1/2

[Event "Ste Foy Fischer"]
[Site "Ste Foy CAN"]
[Date "2017.11.11"]
[Round "5"]
[White "Bernatchez, Dan"]
[Black "Sarra-Bournet, Marc"]
[Result "0-1"]
[WhiteElo "1967"]
[BlackElo "1771"]
[WhiteFideId "-1"]
[WhiteFideId "-1"]
[PlyCount "30"]
[GameId "2160767908317484"]
[EventDate "2017.10.14"]
[EventType "swiss"]
[EventRounds "5"]
[EventCountry "CAN"]
[SourceTitle "EXT 2022"]
[Source "ChessBase"]
[SourceDate "2021.10.06"]
[SourceVersion "1"]
[SourceVersionDate "2021.10.06"]
[SourceQuality "1"]

1. e4 e5 2. Nf3 Nc6 3. Bc4 Bc5 4. c3 Nf6 5. d3 d6 6. Nbd2 O-O 7. O-O Bg4 8. h3 Bh5 9. Re1 h6 10. b4 Bb6 11. Nf1 Bg6 12. Ng3 Nh5 13. Nxe5 dxe5 14. Nxh5 Qh4 15. g4 Bxf2+ 0-1

[Event "Ste Foy Fischer"]
[Site "Ste Foy CAN"]
[Date "2017.11.11"]
[Round "5"]
[White "Bissonnette, Mathieu"]
[Black "Sauve, Richard"]
[Result "0-1"]
[WhiteElo "1569"]
[BlackElo "1919"]
[WhiteFideId "-1"]
[WhiteFideId "-1"]
[PlyCount "66"]
[GameId "2160767908317485"]
[EventDate "2017.10.14"]
[EventType "swiss"]
[EventRounds "5"]
[EventCountry "CAN"]
[SourceTitle "EXT 2022"]
[Source "ChessBase"]
[SourceDate "2021.10.06"]
[SourceVersion "1"]
[SourceVersionDate "2021.10.06"]
[SourceQuality "1"]

1. e4 e6 2. d4 d5 3. Nc3 Nf6 4. e5 Nfd7 5. Nf3 c5 6. Be3 Nc6 7. Be2 Be7 8. Qd2 O-O 9. h4 cxd4 10. Bxd4 f6 11. exf6 Nxf6 12. Bxf6 Bxf6 13. g4 Qb6 14. O-O-O Qxf2 15. Rdf1 Bxc3 16. bxc3 Qc5 17. Bd3 e5 18. Bxh7+ Kxh7 19. Qg5 Kg8 20. Nxe5 Be6 21. Ng6 Rxf1+ 22. Rxf1 Qxc3 23. Rf4 Bf7 24. Rxf7 Qa1+ 25. Kd2 Qd4+ 26. Kc1 Qa1+ 27. Kd2 Qd4+ 28. Kc1 Kxf7 29. Qh5 Ke6 30. Qf5+ Kd6 31. Nf8 Qe3+ 32. Kb1 Qe1+ 33. Kb2 Qe5+ 0-1

[Event "Ste Foy Fischer"]
[Site "Ste Foy CAN"]
[Date "2017.11.11"]
[Round "5"]
[White "Chouinard, Etienne"]
[Black "L'Heureux, Clement"]
[Result "1-0"]
[WhiteElo "1880"]
[BlackElo "1940"]
[WhiteFideId "-1"]
[WhiteFideId "-1"]
[PlyCount "123"]
[GameId "2160767908317486"]
[EventDate "2017.10.14"]
[EventType "swiss"]
[EventRounds "5"]
[EventCountry "CAN"]
[SourceTitle "EXT 2022"]
[Source "ChessBase"]
[SourceDate "2021.10.06"]
[SourceVersion "1"]
[SourceVersionDate "2021.10.06"]
[SourceQuality "1"]

1. e4 c5 2. f4 a6 3. Nf3 b5 4. a4 b4 5. Bc4 e6 6. O-O Bb7 7. Re1 Bxe4 8. Rxe4 d5 9. Bxd5 Qxd5 10. d3 Nd7 11. Nbd2 Ngf6 12. Re1 Bd6 13. Nc4 Bc7 14. b3 O-O 15. Nce5 Rad8 16. Bb2 Nxe5 17. Nxe5 Bb8 18. Qe2 Qb7 19. Rad1 Nd5 20. Qf3 f6 21. Nc4 Qf7 22. g3 Rfe8 23. d4 Ba7 24. dxc5 Bxc5+ 25. Kg2 Qg6 26. f5 Qf7 27. fxe6 Qb7 28. Rd3 Qa8 29. Red1 Nc7 30. Rxd8 Rxd8 31. Rxd8+ Qxd8 32. Qc6 Qd5+ 33. Qxd5 Nxd5 34. Kf3 Nc7 35. Ke4 Kf8 36. Bd4 Be7 37. Bb6 Nxe6 38. Kd5 Kf7 39. Kc6 Ng5 40. Kb7 Nf3 41. h4 f5 42. Kxa6 f4 43. gxf4 Bxh4 44. Kb5 Bg3 45. Ne5+ Nxe5 46. fxe5 Bxe5 47. a5 h5 48. a6 Bb8 49. a7 Bxa7 50. Bxa7 h4 51. Kc4 Ke6 52. Kd3 Kd5 53. Ke3 g5 54. Kf3 h3 55. Kg3 g4 56. Bg1 Ke4 57. Bb6 h2 58. Kxh2 Kf3 59. Bd4 Ke2 60. c4 bxc3 61. Bxc3 Kf2 62. Bd4+ 1-0

[Event "Ste Foy Fischer"]
[Site "Ste Foy CAN"]
[Date "2017.11.11"]
[Round "5"]
[White "Laflamme, Simon"]
[Black "Drolet, Stephane"]
[Result "1-0"]
[WhiteElo "1908"]
[BlackElo "2100"]
[WhiteFideId "-1"]
[WhiteFideId "-1"]
[PlyCount "63"]
[GameId "2160767908317487"]
[EventDate "2017.10.14"]
[EventType "swiss"]
[EventRounds "5"]
[EventCountry "CAN"]
[SourceTitle "EXT 2022"]
[Source "ChessBase"]
[SourceDate "2021.10.06"]
[SourceVersion "1"]
[SourceVersionDate "2021.10.06"]
[SourceQuality "1"]

1. d4 e6 2. Nf3 f5 3. Bf4 Nf6 4. h3 b6 5. e3 Bb7 6. Nbd2 d6 7. Bc4 Nd5 8. Bg3 Be7 9. c3 O-O 10. Qe2 a6 11. a4 Qe8 12. e4 fxe4 13. Nxe4 Qg6 14. Ned2 Nd7 15. O-O Rf7 16. Rfe1 Nf8 17. Bd3 Qh6 18. Nh2 Nf4 19. Bxf4 Qxf4 20. Be4 d5 21. g3 Qd6 22. Bd3 c5 23. Ndf3 Bf6 24. Ng4 cxd4 25. Nxf6+ Rxf6 26. Nxd4 Nd7 27. Nxe6 Re8 28. Bxh7+ Kh8 29. Qh5 Rexe6 30. Bg6+ Kg8 31. Qh7+ Kf8 32. Qh8+ 1-0

[Event "Ste Foy Fischer"]
[Site "Ste Foy CAN"]
[Date "2017.11.11"]
[Round "5"]
[White "Lemire-Paquin, Alexandre"]
[Black "Desbiens, Raphael"]
[Result "1-0"]
[WhiteElo "2071"]
[BlackElo "1932"]
[WhiteFideId "-1"]
[WhiteFideId "-1"]
[PlyCount "61"]
[GameId "2160767908317488"]
[EventDate "2017.10.14"]
[EventType "swiss"]
[EventRounds "5"]
[EventCountry "CAN"]
[SourceTitle "EXT 2022"]
[Source "ChessBase"]
[SourceDate "2021.10.06"]
[SourceVersion "1"]
[SourceVersionDate "2021.10.06"]
[SourceQuality "1"]

1. e4 e5 2. Bc4 Nf6 3. d3 c6 4. Nf3 d5 5. Bb3 dxe4 6. Ng5 Bg4 7. Bxf7+ Ke7 8. f3 exf3 9. gxf3 Bf5 10. Bb3 Nd5 11. Qe2 Kf6 12. Ne4+ Bxe4 13. fxe4 Nf4 14. Bxf4 exf4 15. e5+ Ke7 16. Qe4 Ke8 17. Qxf4 Be7 18. Qf7+ Kd7 19. Nc3 Qf8 20. Qe6+ Kc7 21. O-O-O Bg5+ 22. Kb1 Qe7 23. Qd6+ Qxd6 24. exd6+ Kd7 25. Rhf1 Bf6 26. Ne4 Rf8 27. Rf2 Na6 28. Rdf1 Rae8 29. c3 b6 30. Bd1 c5 31. Ba4+ 1-0

[Event "Ste Foy Jeudi 1"]
[Site "Ste Foy CAN"]
[Date "2017.06.01"]
[Round "1"]
[White "Genest, Dominic"]
[Black "Dube, Daniel"]
[Result "1/2-1/2"]
[WhiteElo "1711"]
[BlackElo "1990"]
[WhiteFideId "-1"]
[WhiteFideId "-1"]
[PlyCount "110"]
[GameId "2160767908411334"]
[EventDate "2017.06.01"]
[EventType "swiss"]
[EventRounds "5"]
[EventCountry "CAN"]
[SourceTitle "EXT 2022"]
[Source "ChessBase"]
[SourceDate "2021.10.06"]
[SourceVersion "1"]
[SourceVersionDate "2021.10.06"]
[SourceQuality "1"]

1. c4 e5 2. Nc3 Nc6 3. g3 f5 4. Bg2 Nf6 5. d3 Bb4 6. Bd2 Bxc3 7. Bxc3 d6 8. Nf3 O-O 9. b4 Qe8 10. b5 Ne7 11. Qd2 f4 12. gxf4 exf4 13. Nd4 Ng6 14. O-O-O a6 15. a4 axb5 16. axb5 Ng4 17. Rdf1 N4e5 18. Kb2 c6 19. Ra1 Rxa1 20. Rxa1 Bd7 21. bxc6 bxc6 22. h3 Nh4 23. Be4 Qb8+ 24. Kc2 c5 25. Bd5+ Kh8 26. Ra8 Qxa8 27. Bxa8 cxd4 28. Bxd4 Rxa8 29. Qxf4 Nhg6 30. Qg3 Rf8 31. h4 Rf5 32. f3 Nf4 33. Bxe5 dxe5 34. Qf2 Ne6 35. Qa7 Nf8 36. Kd2 h5 37. Qc7 g5 38. e4 Rxf3 39. Qxe5+ Kh7 40. Qxg5 Bg4 41. Qe7+ Kg6 42. c5 Ne6 43. c6 Nf4 44. Qg5+ Kf7 45. Qxg4 hxg4 46. c7 g3 47. c8=Q g2 48. Qf5+ Ke8 49. Qe5+ Kd8 50. Qh8+ Kc7 51. Qg7+ Kb6 52. Qf6+ Ka5 53. Qe5+ Kb6 54. Qd6+ Kb7 55. Qd7+ Kb6 1/2-1/2

[Event "Ste Foy Jeudi 1"]
[Site "Ste Foy CAN"]
[Date "2017.06.01"]
[Round "1"]
[White "Lessard, Claude"]
[Black "Abran, David"]
[Result "1-0"]
[WhiteElo "2150"]
[BlackElo "1753"]
[WhiteFideId "-1"]
[WhiteFideId "-1"]
[PlyCount "45"]
[GameId "2160767908411335"]
[EventDate "2017.06.01"]
[EventType "swiss"]
[EventRounds "5"]
[EventCountry "CAN"]
[SourceTitle "EXT 2022"]
[Source "ChessBase"]
[SourceDate "2021.10.06"]
[SourceVersion "1"]
[SourceVersionDate "2021.10.06"]
[SourceQuality "1"]

1. d4 Nf6 2. Nf3 g6 3. Nc3 Bg7 4. e4 d6 5. Be2 O-O 6. O-O e5 7. dxe5 dxe5 8. Qxd8 Rxd8 9. Bg5 h6 10. Bxf6 Bxf6 11. Nd5 Rxd5 12. exd5 e4 13. Nd2 Bxb2 14. Rab1 Be5 15. Nxe4 b6 16. Bf3 Ba6 17. Rfe1 Nd7 18. Be2 Bb7 19. Bb5 Rd8 20. Bxd7 Rxd7 21. Nc5 bxc5 22. Rxb7 Re7 23. Kf1 1-0

[Event "Ste Foy Jeudi 1"]
[Site "Ste Foy CAN"]
[Date "2017.06.01"]
[Round "1"]
[White "Stoyanova, Stela"]
[Black "Desbiens, Raphael"]
[Result "0-1"]
[WhiteElo "1592"]
[BlackElo "1812"]
[WhiteFideId "-1"]
[WhiteFideId "-1"]
[PlyCount "92"]
[GameId "2160767908411336"]
[EventDate "2017.06.01"]
[EventType "swiss"]
[EventRounds "5"]
[EventCountry "CAN"]
[SourceTitle "EXT 2022"]
[Source "ChessBase"]
[SourceDate "2021.10.06"]
[SourceVersion "1"]
[SourceVersionDate "2021.10.06"]
[SourceQuality "1"]

1. Nf3 Nf6 2. d4 g6 3. c4 Bg7 4. Nc3 d5 5. e3 O-O 6. b3 c5 7. Be2 Nc6 8. O-O Bg4 9. Ne5 Bxe2 10. Qxe2 cxd4 11. Nxc6 d3 12. Nxd8 dxe2 13. Nxe2 Rfxd8 14. Ba3 dxc4 15. bxc4 Rd7 16. Rad1 Rad8 17. Rxd7 Rxd7 18. f3 Rd3 19. Bc1 Bh6 20. Kf2 e5 21. g4 e4 22. h4 g5 23. Rg1 Nd7 24. Nd4 Ne5 25. fxe4 Rc3 26. Bb2 Nd3+ 27. Ke2 Nxb2 28. Rb1 Nxc4 29. Rxb7 Rxe3+ 30. Kf2 Rxe4 31. Rb8+ Bf8 32. Nf5 f6 33. Nh6+ Kg7 34. Nf5+ Kf7 35. Rb7+ Ke6 36. Rxh7 Rxg4 37. Ng7+ Kf7 38. Nh5+ Kg6 39. Rh8 Bc5+ 40. Ke2 Rxh4 41. Rc8 Kxh5 42. Rxc5 Nb6 43. Rc7 Rh2+ 44. Kf3 Rxa2 45. Ke4 Kg4 46. Rc1 f5+ 0-1

[Event "Ste Foy Jeudi 1"]
[Site "Ste Foy CAN"]
[Date "2017.06.08"]
[Round "2"]
[White "Dube, Daniel"]
[Black "Leblanc-Legault, Mathieu"]
[Result "1/2-1/2"]
[WhiteElo "1992"]
[BlackElo "1724"]
[WhiteFideId "-1"]
[WhiteFideId "-1"]
[PlyCount "101"]
[GameId "2160767908411337"]
[EventDate "2017.06.01"]
[EventType "swiss"]
[EventRounds "5"]
[EventCountry "CAN"]
[SourceTitle "EXT 2022"]
[Source "ChessBase"]
[SourceDate "2021.10.06"]
[SourceVersion "1"]
[SourceVersionDate "2021.10.06"]
[SourceQuality "1"]

1. e4 c6 2. d4 d5 3. Nc3 dxe4 4. Nxe4 Bf5 5. Ng3 Bg6 6. Nf3 Nd7 7. Bd3 Bxd3 8. Qxd3 Ngf6 9. O-O e6 10. c4 Bd6 11. b3 O-O 12. Bb2 Qc7 13. Rfe1 Rad8 14. Ne4 Nxe4 15. Qxe4 Nf6 16. Qh4 Be7 17. Ne5 c5 18. Rad1 cxd4 19. Bxd4 Bb4 20. Re3 Bc5 21. Nf3 Bxd4 22. Rxd4 Rxd4 23. Qxd4 Qa5 24. Qb2 Rd8 25. h3 Rd1+ 26. Kh2 Qc7+ 27. g3 Qc6 28. b4 h6 29. Qc2 Qd7 30. a4 a6 31. b5 axb5 32. axb5 Ra1 33. Rd3 Qc7 34. c5 Nd5 35. c6 bxc6 36. bxc6 Ra6 37. Rxd5 exd5 38. Nd4 Ra5 39. Qb3 Qe5 40. Qb6 Qe1 41. Nf3 Qe2 42. c7 Ra8 43. Qc5 Qc4 44. Qd6 Qe2 45. Kg2 Qe8 46. Ne5 Rc8 47. Nc6 Qe4+ 48. Kh2 Qc2 49. Qd8+ Kh7 50. Kg1 Rxd8 51. cxd8=Q 1/2-1/2

[Event "Ste Foy Jeudi 1"]
[Site "Ste Foy CAN"]
[Date "2017.06.15"]
[Round "3"]
[White "Chabot, Michelin"]
[Black "Desbiens, Raphael"]
[Result "0-1"]
[WhiteElo "1674"]
[BlackElo "1812"]
[WhiteFideId "-1"]
[WhiteFideId "-1"]
[PlyCount "98"]
[GameId "2160767908411338"]
[EventDate "2017.06.01"]
[EventType "swiss"]
[EventRounds "5"]
[EventCountry "CAN"]
[SourceTitle "EXT 2022"]
[Source "ChessBase"]
[SourceDate "2021.10.06"]
[SourceVersion "1"]
[SourceVersionDate "2021.10.06"]
[SourceQuality "1"]

1. e4 e5 2. Nf3 Nc6 3. Bb5 a6 4. Ba4 Nf6 5. d3 b5 6. Bb3 Be7 7. c3 O-O 8. O-O d5 9. exd5 Nxd5 10. h3 Bf6 11. Re1 Be6 12. Bc2 Qd7 13. Nbd2 Rad8 14. Ne4 Be7 15. Neg5 Bf5 16. Nh4 f6 17. Nxf5 Qxf5 18. d4 fxg5 19. Bxf5 Rxf5 20. Be3 Kh8 21. Qc2 Rdf8 22. Re2 b4 23. c4 Nxe3 24. fxe3 exd4 25. Qe4 d3 26. Qxd3 Ne5 27. Qc2 Bc5 28. b3 g4 29. h4 g3 30. Qe4 h5 31. Rae1 Ng4 32. Qb1 R8f6 33. Qc1 Rf8 34. Rd1 Rf2 35. Ree1 R8f7 36. Rd8+ Kh7 37. Qb1+ g6 38. Qa1 R2f6 39. Rd5 Bxe3+ 40. Rxe3 Nxe3 41. Rd1 Nxd1 42. Qxd1 Rf1+ 43. Qxf1 Rxf1+ 44. Kxf1 g5 45. hxg5 Kg6 46. Ke2 Kxg5 47. Kf3 h4 48. Ke2 Kf4 49. Kd3 h3 0-1

[Event "Ste Foy Jeudi 1"]
[Site "Ste Foy CAN"]
[Date "2017.06.15"]
[Round "3"]
[White "Genest, Dominic"]
[Black "Doyon, Stephane"]
[Result "1-0"]
[WhiteElo "1711"]
[BlackElo "1825"]
[WhiteFideId "-1"]
[WhiteFideId "-1"]
[PlyCount "75"]
[GameId "2160767908411339"]
[EventDate "2017.06.01"]
[EventType "swiss"]
[EventRounds "5"]
[EventCountry "CAN"]
[SourceTitle "EXT 2022"]
[Source "ChessBase"]
[SourceDate "2021.10.06"]
[SourceVersion "1"]
[SourceVersionDate "2021.10.06"]
[SourceQuality "1"]

1. c4 c6 2. g3 Nf6 3. Bg2 d5 4. Nf3 e6 5. O-O Nbd7 6. b3 dxc4 7. bxc4 Bd6 8. Nc3 O-O 9. Bb2 e5 10. Qc2 Re8 11. d3 b6 12. Nd2 Bb7 13. Nb5 Nc5 14. Nxd6 Qxd6 15. Ba3 Qc7 16. Bxc5 bxc5 17. Qa4 Reb8 18. Rab1 a6 19. Rb3 Ra7 20. Rfb1 Nd7 21. Qa3 Qd6 22. Ne4 Qe7 23. Nc3 f5 24. Na4 h6 25. Nb6 Nf6 26. Na4 Nd7 27. Qb2 e4 28. dxe4 fxe4 29. Re3 Bc8 30. Qc2 Rxb1+ 31. Qxb1 Rb7 32. Qc2 Qe5 33. Nc3 Nf6 34. Bxe4 Qb8 35. Bxc6 Rb2 36. Qg6 Qd6 37. Nd5 Bh3 38. Nxf6+ 1-0

[Event "Ste Foy Jeudi 1"]
[Site "Ste Foy CAN"]
[Date "2017.06.15"]
[Round "3"]
[White "Lessard, Claude"]
[Black "Sauve, Richard"]
[Result "1-0"]
[WhiteElo "2150"]
[BlackElo "1849"]
[WhiteFideId "-1"]
[WhiteFideId "-1"]
[PlyCount "99"]
[GameId "2160767908411340"]
[EventDate "2017.06.01"]
[EventType "swiss"]
[EventRounds "5"]
[EventCountry "CAN"]
[SourceTitle "EXT 2022"]
[Source "ChessBase"]
[SourceDate "2021.10.06"]
[SourceVersion "1"]
[SourceVersionDate "2021.10.06"]
[SourceQuality "1"]

1. d4 f5 2. e4 fxe4 3. f3 d5 4. fxe4 dxe4 5. Bc4 Nf6 6. Ne2 Nc6 7. Bb5 e5 8. Nbc3 exd4 9. Nxd4 Bd7 10. Bxc6 Bxc6 11. Bg5 Bb4 12. O-O Bxc3 13. bxc3 O-O 14. Qe2 Qe8 15. Bxf6 Rxf6 16. Rxf6 gxf6 17. Rf1 Qg6 18. Rf4 Kh8 19. Nxc6 bxc6 20. Qxe4 Qxe4 21. Rxe4 Rb8 22. Rb4 Rb6 23. a4 Kg7 24. Kf2 Kf7 25. Ke3 a5 26. Rh4 Kg6 27. Rc4 Kf7 28. Rc5 Ra6 29. g4 Kg6 30. h4 Kf7 31. Kf4 Kg6 32. h5+ Kg7 33. g5 fxg5+ 34. Kxg5 h6+ 35. Kf5 Kf7 36. Re5 Ra8 37. Re6 Rd8 38. Rf6+ Kg7 39. c4 Rd2 40. Rxc6 Rf2+ 41. Ke5 Re2+ 42. Kd5 Rxc2 43. Rxc7+ Kf6 44. c5 Ra2 45. c6 Rxa4 46. Rh7 Ra1 47. Rxh6+ Kg5 48. Rh8 a4 49. c7 Rd1+ 50. Ke4 1-0

[Event "Ste Foy Jeudi 1"]
[Site "Ste Foy CAN"]
[Date "2017.06.15"]
[Round "3"]
[White "Oliver, Vance"]
[Black "Cummins, Paul"]
[Result "0-1"]
[WhiteElo "1569"]
[BlackElo "1757"]
[WhiteFideId "-1"]
[WhiteFideId "-1"]
[PlyCount "72"]
[GameId "2160767908411341"]
[EventDate "2017.06.01"]
[EventType "swiss"]
[EventRounds "5"]
[EventCountry "CAN"]
[SourceTitle "EXT 2022"]
[Source "ChessBase"]
[SourceDate "2021.10.06"]
[SourceVersion "1"]
[SourceVersionDate "2021.10.06"]
[SourceQuality "1"]

1. Nf3 Nf6 2. g3 d5 3. Bg2 g6 4. d3 Nc6 5. O-O Bg7 6. c3 O-O 7. Nbd2 Re8 8. e4 e5 9. Re1 Be6 10. Ng5 d4 11. Nxe6 Rxe6 12. c4 Nd7 13. Nb3 a5 14. Bh3 Re8 15. Qg4 Nf8 16. a3 a4 17. Nc5 h5 18. Qd1 b6 19. Nxa4 Ne6 20. b4 Ng5 21. Bxg5 Qxg5 22. Bd7 Ne7 23. Bxe8 Rxe8 24. Qf3 h4 25. Kh1 h3 26. b5 Kf8 27. c5 Nc8 28. cxb6 cxb6 29. Rec1 Qd2 30. Rc7 f6 31. Rc6 Kf7 32. Nxb6 Nxb6 33. Rxb6 Rc8 34. Rc6 Rxc6 35. bxc6 Qc3 36. a4 Qxa1+ 0-1

[Event "Ste Foy Jeudi 1"]
[Site "Ste Foy CAN"]
[Date "2017.06.22"]
[Round "4"]
[White "Abran, David"]
[Black "Sauve, Richard"]
[Result "0-1"]
[WhiteElo "1753"]
[BlackElo "1849"]
[WhiteFideId "-1"]
[WhiteFideId "-1"]
[PlyCount "64"]
[GameId "2160767908411342"]
[EventDate "2017.06.01"]
[EventType "swiss"]
[EventRounds "5"]
[EventCountry "CAN"]
[SourceTitle "EXT 2022"]
[Source "ChessBase"]
[SourceDate "2021.10.06"]
[SourceVersion "1"]
[SourceVersionDate "2021.10.06"]
[SourceQuality "1"]

1. d4 f5 2. c4 Nf6 3. Nc3 g6 4. Nf3 Bg7 5. g3 O-O 6. Bg2 d6 7. O-O Nc6 8. h3 Rb8 9. Rb1 a5 10. Be3 Bd7 11. a3 Kh8 12. Qd3 e5 13. dxe5 dxe5 14. Qd2 e4 15. Nd4 Nxd4 16. Bxd4 Bc6 17. Rfd1 Qe7 18. Nd5 Bxd5 19. cxd5 b6 20. Qc3 Rbd8 21. Rbc1 Nxd5 22. Bxg7+ Qxg7 23. Qc2 Qe5 24. e3 c5 25. Bf1 Nxe3 26. fxe3 Qxg3+ 27. Kh1 Qxe3 28. Bg2 Rd4 29. Re1 Qf4 30. Qb3 Qd6 31. Rc3 Rd8 32. Rce3 Kg7 0-1

[Event "Ste Foy Jeudi 1"]
[Site "Ste Foy CAN"]
[Date "2017.06.22"]
[Round "4"]
[White "Cummins, Paul"]
[Black "Lessard, Claude"]
[Result "0-1"]
[WhiteElo "1757"]
[BlackElo "2150"]
[WhiteFideId "-1"]
[WhiteFideId "-1"]
[PlyCount "61"]
[GameId "2160767908411343"]
[EventDate "2017.06.01"]
[EventType "swiss"]
[EventRounds "5"]
[EventCountry "CAN"]
[SourceTitle "EXT 2022"]
[Source "ChessBase"]
[SourceDate "2021.10.06"]
[SourceVersion "1"]
[SourceVersionDate "2021.10.06"]
[SourceQuality "1"]

1. e4 c6 2. d4 d5 3. Nc3 dxe4 4. Nxe4 Nf6 5. Ng3 h5 6. Be2 h4 7. Nf1 Bf5 8. Ne3 Bg6 9. Nh3 Qc7 10. Nc4 Nbd7 11. Bf4 Qd8 12. c3 Bf5 13. Ng5 Nd5 14. Bd2 e6 15. Nf3 Be7 16. h3 Qc7 17. Nce5 Nxe5 18. Nxe5 Bd6 19. Nc4 Bf4 20. Bxf4 Nxf4 21. O-O O-O-O 22. Ne5 f6 23. Nd3 Bxd3 24. Bxd3 Kb8 25. Be4 f5 26. Bc2 g5 27. Qe1 g4 28. Kh1 gxh3 29. gxh3 c5 30. Qe5 Qxe5 31. dxe5 0-1